000 00803nam a2200265 i 4500
003 DO-SdBNP
005 20241022092748.0
007 ta
008 241022b1977 dr ||||| |||| 00| 0 spa d
040 _aDO-SdBNP
_bspa
_cBNPHU
_erda
049 _aBNPD
082 4 _axxx
_bM917E
_222
100 1 _aMota, Denis,
_949338
_eautor
_4aut.
245 1 0 _aEloise :
_btentativa de un canto infinito /
_cDenis Mota.
250 _aTercera edición
264 4 _aHigüey :
_bEditor no identificado,
_c1977.
300 _a19 páginas ;
_c15 cm.
336 _atexto
_btxt
_2rdacontent
337 _asin mediación
_bn
_2rdamedia
338 _avolumen
_bnc
_2rdacarrier
586 _aPrimer premio del XIX Concurso Literario de Navidad 1977.
590 _aInventariado, 2024/BT
910 _aBtavárez
942 _2ddc
_cLF2
999 _c57927
_d57927